000 00341nam a22001577a 4500
005 20160629130435.0
008 160629b xxu||||| |||| 00| 0 eng d
041 _aeng
082 _b11035
100 _aGhosh, Dr.J
_93188
245 _aNurjahan
260 _bShashitya Sangeet
300 _a104
650 _aManagement
_9241
942 _cBK
999 _c4684
_d4682